Les préfectures des régions de France - carte - Statistiques

Statistiques générales
  • Ce quiz a été pris 399 fois
  • Le résultat moyen est 15 sur 18
Réponses sur la Carte
Les réponses sont colorées sur une échelle allant du rouge au vert en fonction du pourcentage des utilisateurs qui les ont devinées à leur premier essai. Vous pouvez retrouver ces pourcentages ci-dessous.
 
Statistiques - réponses
Réponse % Correct
Ajaccio
93%
Lille
93%
Paris
93%
Lyon
92%
Marseille
92%
Nantes
91%
Strasbourg
90%
Bordeaux
89%
Toulouse
89%
Rennes
86%
Rouen
86%
Dijon
85%
Orléans
85%
Saint-Denis
75%
Cayenne
67%
Mamoudzou
67%
Basse-Terre
65%
Fort-de-France
65%
Aucun quiz correspondant
Distribution des résultats
% des personnes avec chaque résultat
Percentile par nombre de réponses
Votre historique - résultats
Vous n’avez pas pris ce quiz